El resuello / (Record no. 177169)

MARC details
000 -LEADER
campo de control de longitud fija 00662nam a2200205 i 4500
001 - NÚMERO DE CONTROL
campo de control 177169
003 - IDENTIFICADOR DE NÚMERO DE CONTROL
campo de control ES-MaACL
005 - FECHA Y HORA DE LA ÚLTIMA TRANSACCIÓN
campo de control 20230906220253.0
008 - DATOS DE LONGITUD FIJA--INFORMACIÓN GENERAL
campo de control de longitud fija 110307s1966 sp |||| | spa d
080 ## - NÚMERO DE LA CLASIFICACIÓN DECIMAL UNIVERSAL
Número de la Clasificación Decimal Universal 821.134.2-312.2"19"
100 1# - ENTRADA PRINCIPAL--NOMBRE DE PERSONA
Nombre de persona Vicent, Manuel.
9 (RLIN) 114323
245 13 - MENCIÓN DEL TÍTULO
Título El resuello /
Mención de responsabilidad, etc. Manuel Vicent.
260 ## - PUBLICACIÓN, DISTRIBUCIÓN, ETC.
Lugar de publicación, distribución, etc. [Madrid :
Nombre del editor, distribuidor, etc. Alfaguara],
Fecha de publicación, distribución, etc. 1966.
300 ## - DESCRIPCIÓN FÍSICA
Extensión 114 p. ;
Dimensiones 17 cm.
490 1# - MENCIÓN DE SERIE
Mención de serie La novela popular contemporánea, inédita, española ;
Designación de volumen o secuencia 45
830 1# - PUNTO DE ACCESO ADICIONAL DE SERIE-TÍTULO UNIFORME
Título uniforme La novela popular contemporánea, inédita, española ;
Designación de volumen o secuencia 45
9 (RLIN) 188024
852 ## - LOCALIZACIÓN
Ubicación ES-MaACL
Número de control de estantería E-14591
Encuadernación Olim P-213-Ter
852 ## - LOCALIZACIÓN
Ubicación ES-MaACL
Número de control de estantería P-409-29
Holdings
Estatus retirado Estado de pérdida Estado de daño No para préstamo Biblioteca de origen Biblioteca actual Ubicación en estantería Fecha de adquisición Fuente de adquisición Total de préstamos Signatura topográfica completa Código de barras Visto por última vez Precio de reemplazo Tipo de ítem Koha
        Biblioteca del Ateneo de Madrid Biblioteca del Ateneo de Madrid Depósito 2 01/02/2019     P-409-29 1199753 23/02/2023 23/02/2023 Libro impreso
        Biblioteca del Ateneo de Madrid Biblioteca del Ateneo de Madrid Depósito 2 07/03/2011     E-14591 1186077 23/02/2023 23/02/2023 Libro impreso